Encyklopédia slovenských spisovateľov : Obs. 1.zv.:, 483 s.. 2.zv.:, 536 s

Guardado en:
Detalles Bibliográficos
Formato: Libro
Lenguaje:eslovaco
Publicado: Bratislava : Obzor, 1984
Edición:1.vyd.
Etiquetas: Agregar Etiqueta
Sin Etiquetas, Sea el primero en etiquetar este registro!

MARC

LEADER 00000nam a22000003a 4500
001 stu6830
005 20150408182021.7
008 940906s1984----cs------------------slo-d
040 |a STU  |b slo 
041 0 |a slo 
044 |a cs 
080 |a 03  |7 stu_us_auth*stu8317 
080 |a 854-051  |7 stu_us_auth*stu7120 
245 |a Encyklopédia slovenských spisovateľov :  |b Obs. 1.zv.:, 483 s.. 2.zv.:, 536 s 
250 |a 1.vyd. 
260 |a Bratislava :  |b Obzor,  |c 1984 
300 |a 2 zv 
996 |b 284EK08515  |c E*58842  |l EE0101  |s P  |a 0  |w stu6830_0001 
996 |b 284EK08516  |c E*58843  |l EE0101  |s P  |a 0  |w stu6830_0002